Tax Potential vs. Tax Effort : A Cross-Country Analysis of Armenia's Stubbornly Low Tax Collection /

Despite recording double digit growth since 2000, Armenia's tax-to-GDP ratio has been fairly stable at about 14 1\2 percent. This paper catalogues a range of factors that may account for Armenia's stubbornly for tax collection by benchmarking Armenia's tax-to-GDP against some comparat...

Πλήρης περιγραφή

Λεπτομέρειες βιβλιογραφικής εγγραφής
Κύριος συγγραφέας: Grigorian, David
Άλλοι συγγραφείς: Davoodi, Hamid
Μορφή: Επιστημονικό περιοδικό
Γλώσσα:English
Έκδοση: Washington, D.C. : International Monetary Fund, 2007.
Σειρά:IMF Working Papers; Working Paper ; No. 2007/106
Διαθέσιμο Online:Full text available on IMF
LEADER 01890cas a2200253 a 4500
001 AALejournalIMF009256
008 230101c9999 xx r poo 0 0eng d
020 |c 5.00 USD 
020 |z 9781451866704 
022 |a 1018-5941 
040 |a BD-DhAAL  |c BD-DhAAL 
100 1 |a Grigorian, David. 
245 1 0 |a Tax Potential vs. Tax Effort :   |b A Cross-Country Analysis of Armenia's Stubbornly Low Tax Collection /  |c David Grigorian, Hamid Davoodi. 
264 1 |a Washington, D.C. :  |b International Monetary Fund,  |c 2007. 
300 |a 1 online resource (38 pages) 
490 1 |a IMF Working Papers 
500 |a <strong>Off-Campus Access:</strong> No User ID or Password Required 
500 |a <strong>On-Campus Access:</strong> No User ID or Password Required 
506 |a Electronic access restricted to authorized BRAC University faculty, staff and students 
520 3 |a Despite recording double digit growth since 2000, Armenia's tax-to-GDP ratio has been fairly stable at about 14 1\2 percent. This paper catalogues a range of factors that may account for Armenia's stubbornly for tax collection by benchmarking Armenia's tax-to-GDP against some comparator countries and conducting an extensive econometric study of the main determinants of tax collection. We find empirical support for the hypothesis that the persistence of Armenia's low tax-GDP ratio can be traced to persistence of weak institutions and a large shadow economy. The gap between the potential and actual tax collection in Armenia could be as high as 6 1\2 percent of GDP. We conclude with some policy recommendations that, if adopted, can boost revenue buoyancy. 
538 |a Mode of access: Internet 
700 1 |a Davoodi, Hamid. 
830 0 |a IMF Working Papers; Working Paper ;  |v No. 2007/106 
856 4 0 |z Full text available on IMF  |u http://elibrary.imf.org/view/journals/001/2007/106/001.2007.issue-106-en.xml  |z IMF e-Library